Score 0/36 Timer 04:00
2 Plays Today
% Correct
Agatha
98.4%
Virginia
95%
Harper
91.8%
Truman
91.4%
Kurt
88.4%
Sylvia
87%
Salman
86.8%
Maya
86.6%
Ray
84.5%
Isaac
81.3%
Vladimir
80.5%
Toni
79%
Gore
78%
Ezra
76.7%
Simone
74.2%
Aleksandr
73.7%
Lu
70.8%
Kazuo
68.8%
% Correct
Flannery
64.5%
Amy
62.4%
Elie
61.6%
Saul
60.5%
Pablo
60%
Bertolt
59.2%
Isabel
50.8%
Chinua
46.6%
Michel
45%
Muriel
36.8%
Milan
34%
Eugène
33.4%
Octavio
32.9%
Lorraine
30.7%
Arundhati
29.9%
Sandra
24.5%
Gabriela
19.7%
Alfonsina
14%
Remove Ads.
Support Sporcle.
Get the best of Sporcle when you Go Orange. This ad-free experience offers more features, more stats, and more fun while also helping to support Sporcle. Thank you for becoming a member.

You're not logged in!

Compare scores with friends on all Sporcle quizzes.
OR
Log In

Show Comments

Extras

Top Quizzes Today


Score Distribution

Your Account Isn't Verified!

In order to create a playlist on Sporcle, you need to verify the email address you used during registration. Go to your Sporcle Settings to finish the process.

Report this User

Report this user for behavior that violates our Community Guidelines.

Details: